Noeticidade e ontologia (Registo nº 20270)
[ vista simples ]
| 000 -Etiqueta do registo | |
|---|---|
| Valores | 00781nam a22002291i 4500 |
| 090 ## - | |
| -- | 20270 |
| 010 ## - Número ISBN | |
| ISBN | 9789722709538 |
| 100 ## - Dados gerais de processamento | |
| Dados gerais | 20170304u u u0frey50 ba |
| 101 0# - Língua de publicação | |
| -- | por |
| 200 1# - Titulo e menção de responsabilidade | |
| Primeira menção de responsabilidade | José Enes |
| Título próprio | Noeticidade e ontologia |
| 215 ## - Descrição física | |
| Paginação / Volumes | 212, [4] p. |
| Dimensões | 24 cm |
| 210 ## - Publicação | |
| Nome do editor | Imprensa Nacional-Casa da Moeda |
| Local de publicação | Lisboa |
| Data de publicação | D.L. 1999 |
| 225 2# - Colecção | |
| Título próprio da colecção | Estudos gerais |
| 225 2# - Colecção | |
| Nome de parte ou secção | Série universitária |
| 300 ## - Notas gerais | |
| Texto da nota | Oferta de Imprensa Nacional - Casa da Moeda |
| 410 #0 - | |
| -- | Estudos gerais |
| 411 #0 - | |
| -- | Série universitária |
| 700 #1 - Autor principal (pessoa individual) | |
| Apelido | Enes |
| Nome | José |
| -- | 070 |
| 996 ## - ISO2709 | |
| -- | 0028121 |
| -- | ENE |
| -- | 00000000 |
| -- | 00000000 |
| -- | BMVA |
| -- | 1 |
| -- | Viana do Alentejo |
| -- | Filosofia |
| -- | 24 |
| -- | Livro |
| -- | 0 |
| -- | 1 |
| 996 ## - ISO2709 | |
| -- | 0030489 |
| -- | ENE |
| -- | 00000000 |
| -- | 00000000 |
| -- | BMVA |
| -- | 1 |
| -- | Alcáçovas |
| -- | Filosofia |
| -- | 24 |
| -- | Livro |
| -- | 0 |
| -- | 1 |
| 990 ## - Elementos KOHA | |
| Tipo de documento | Livro |
| Situação do levantamento | Estado | Biblioteca de origem | Biblioteca de empréstimo | Código de barras | Cota | Permissão de empréstimo | Tipo de documento | Localização na Estante | Nota relativa ao exemplar |
|---|---|---|---|---|---|---|---|---|---|
| Completo | Biblioteca Municipal de Viana Do Alentejo | Biblioteca Municipal de Viana Do Alentejo | 0025461 | 11 ENE | Disponível | Livro | |||
| Completo | Biblioteca Municipal de Viana Do Alentejo | Biblioteca Municipal de Viana Do Alentejo Pólo Alcáçovas | 0026391 | 11 ENE | Disponível | Livro | Depósito | cx. 424 |